| 000 | 01168cas a22003017a 4500 | ||
|---|---|---|---|
| 005 | 20220329142111.0 | ||
| 008 | 990624d mx qr pernn 0 uub1spa d | ||
| 010 | _a78440 | ||
| 011 | _a79412 | ||
| 035 | _a89640 | ||
| 245 | 0 | 0 |
_aBoletín del Comité Directivo Agrícola del Distrito de Riego No. 08, Metztitlán, Hgo _c/por Comité Directivo Agrícola del Distrito de Riego No. 08 |
| 260 | 0 |
_aMetztitlán, Hgo. : _bComité Directivo Agrícola del Distrito de Riego No. 08 Metztitlán, Hgo. _c1966- |
|
| 300 | _av. | ||
| 310 | _aSemestral | ||
| 321 | _aTrimestral | ||
| 362 | 1 | _an.23, 1972. | |
| 500 | _aSe dejó de recibir a partir del n.23, 1972. | ||
| 590 |
_aBATCH-UPD _b10 _c20130110 _lUCH01 _h0422 |
||
| 590 |
_aBATCH-UPD _b10 _c20130410 _lUCH01 _h0057 |
||
| 590 |
_aBATCH-UPD _b10 _c20130914 _lUCH01 _h1208 |
||
| 590 |
_aCONVERSION _b10 _c20130109 _lUCH01 _h1343 |
||
| 650 | 1 | 4 |
_aDistrito de Riego Metztitlán, Hgo. _xPublicaciones periódicas. _932903 |
| 650 | 1 | 4 |
_aIrrigación _xPublicaciones periódicas. _960475 |
| 866 | _an.21-23 (1971-1973) | ||
| 866 | _av.3 n.13-v.4 n.19 (1969-1970) | ||
| 901 | _aSE | ||
| 905 | _aMa. del Socorro Iturbe C. | ||
| 999 |
_c78440 _d78440 |
||